00693nam a2200181 i 450000100060000000300090000600500170001500700030003200800410003510000350007624501280011126000400023930000220027970000390030185200320034099900170037295201220038991366ES-MaACL20230906180715.0t|050128s1969 ag ||||1| spa d1 aLévi-Strauss, Claude.97196114aLas estructuras elementales del parentesco / cClaude Lévi-Strauss ; [versión castellana de Marie Thérése Cevasco]. aBuenos Aires : bPaidós, c[1969] a575 p. ; c23 cm.1 aCevasco, Marie Thérèse.937708 aES-MaACLjC-38160 bR.73083 c91366d91366 00104070aATENEOMbATENEOMcDEPO2d2008-01-17eSCl0oC-38160p1095389r2023-02-23 00:00:00w2023-02-23yMONOGRAFIA